ORGANIC CHEMISTRY (Vol-2) (Record no. 19759)
[ view plain ]
| 000 -LEADER | |
|---|---|
| fixed length control field | 00510cam a2200217ua 4500 |
| 008 - FIXED-LENGTH DATA ELEMENTS--GENERAL INFORMATION | |
| fixed length control field | 151216n2013 II |||gr||||Z||||||eng |
| 040 ## - CATALOGING SOURCE | |
| Original cataloging agency | MAIN |
| 041 ## - LANGUAGE CODE | |
| -- | English |
| 082 ## - DEWEY DECIMAL CLASSIFICATION NUMBER | |
| Classification number | 547 MUK |
| 100 ## - MAIN ENTRY--PERSONAL NAME | |
| Personal name | MUKHERJI, S.M. |
| 245 ## - TITLE STATEMENT | |
| Title | ORGANIC CHEMISTRY (Vol-2) |
| 250 ## - EDITION STATEMENT | |
| Edition statement | REP. |
| 260 ## - PUBLICATION, DISTRIBUTION, ETC. | |
| Place of publication, distribution, etc. | NEW DELHI |
| Name of publisher, distributor, etc. | NEW AGE INTERNATIONAL LTD. |
| Date of publication, distribution, etc. | 2013 |
| 300 ## - PHYSICAL DESCRIPTION | |
| Extent | 527: |
| Dimensions | 24CM. |
| 700 ## - ADDED ENTRY--PERSONAL NAME | |
| Personal name | SINGH, S.P. |
| 700 ## - ADDED ENTRY--PERSONAL NAME | |
| Personal name | KAPOOR, R.P. |
| 700 ## - ADDED ENTRY--PERSONAL NAME | |
| Personal name | DASS, R. |
| 942 ## - ADDED ENTRY ELEMENTS (KOHA) | |
| Koha item type | Books |
| 653 ## - INDEX TERM--UNCONTROLLED | |
| Uncontrolled term | Organic chemistry |
| Withdrawn status | Lost status | Damaged status | Not for loan | Collection code | Home library | Current library | Shelving location | Date acquired | Full call number | Barcode | Date last seen | Copy number | Price effective from | Koha item type | Public note |
|---|---|---|---|---|---|---|---|---|---|---|---|---|---|---|---|
| TBCHE | Central Library and Information Centre Sibsagar Girls College | Central Library and Information Centre Sibsagar Girls College | CHEMISTRY BOOK RACK | 10.09.2013 | 547 MUK | 30094 | 27.02.2020 | 1 | 27.02.2020 | Books | V | ||||
| TBCHE | Central Library and Information Centre Sibsagar Girls College | Central Library and Information Centre Sibsagar Girls College | CHEMISTRY BOOK RACK | 10.09.2013 | 547 MUK | 30095 | 27.02.2020 | 2 | 27.02.2020 | Books | V |